<?xml version="1.0" encoding="UTF-8"?>
<record
    xmlns:xsi="http://www.w3.org/2001/XMLSchema-instance"
    xsi:schemaLocation="http://www.loc.gov/MARC21/slim http://www.loc.gov/standards/marcxml/schema/MARC21slim.xsd"
    xmlns="http://www.loc.gov/MARC21/slim">

  <leader>02091nms a2200397 i 4500</leader>
  <controlfield tag="001">118074</controlfield>
  <controlfield tag="003">ES-MaACL</controlfield>
  <controlfield tag="005">20250815063228.0</controlfield>
  <controlfield tag="008">180604c1977    sp fryp|o  | |0   b|spa  </controlfield>
  <datafield tag="017" ind1=" " ind2=" ">
    <subfield code="a">M 40933-1977 </subfield>
    <subfield code="b">Oficina Dep&#xF3;sito Legal Madrid </subfield>
  </datafield>
  <datafield tag="017" ind1=" " ind2=" ">
    <subfield code="a">Z 1378-1988 </subfield>
    <subfield code="b">Oficina Dep&#xF3;sito Legal Zaragoza</subfield>
  </datafield>
  <datafield tag="022" ind1=" " ind2=" ">
    <subfield code="a">0210-8615</subfield>
  </datafield>
  <datafield tag="040" ind1=" " ind2=" ">
    <subfield code="c">ES-MaACL</subfield>
  </datafield>
  <datafield tag="080" ind1=" " ind2=" ">
    <subfield code="a">5</subfield>
  </datafield>
  <datafield tag="245" ind1="0" ind2="0">
    <subfield code="a">Llull  </subfield>
    <subfield code="h">[Recurso electr&#xF3;nico] /</subfield>
    <subfield code="c">Sociedad Espa&#xF1;ola de Historia de las Ciencias</subfield>
  </datafield>
  <datafield tag="260" ind1=" " ind2=" ">
    <subfield code="a">Madrid : </subfield>
    <subfield code="b">Sociedad Espa&#xF1;ola de Historia de las Ciencias, </subfield>
    <subfield code="c">1977-</subfield>
  </datafield>
  <datafield tag="300" ind1=" " ind2=" ">
    <subfield code="a">14 vol&#xFA;menes ; </subfield>
    <subfield code="c">21, 22 y 23 cm</subfield>
  </datafield>
  <datafield tag="310" ind1=" " ind2=" ">
    <subfield code="a">Semestral</subfield>
  </datafield>
  <datafield tag="362" ind1="0" ind2=" ">
    <subfield code="a">N. 1 (dic. 1977)-v. 9, n. 16-17 (1986)-v. 39, n. 83 (2016)</subfield>
  </datafield>
  <datafield tag="530" ind1=" " ind2=" ">
    <subfield code="a">Disponible en formato digital</subfield>
  </datafield>
  <datafield tag="555" ind1=" " ind2=" ">
    <subfield code="a">&#xCD;ndice de los v. 1-10 (1977-1987) :</subfield>
    <subfield code="d">10 a&#xF1;os de Llull : revista de la Sociedad Espa&#xF1;ola de Historia de las Ciencias y de las T&#xE9;cnicas, 1989</subfield>
  </datafield>
  <datafield tag="555" ind1=" " ind2=" ">
    <subfield code="a">&#xCD;ndice de los v. 16-20 (1993-1997) :</subfield>
    <subfield code="d">20 a&#xF1;os de Llull : revista de la Sociedad Espa&#xF1;ola de Historia de las Ciencias y de las T&#xE9;cnicas, 1998</subfield>
  </datafield>
  <datafield tag="555" ind1=" " ind2=" ">
    <subfield code="a">&#xCD;ndice de los v. 1-25 (1977-2002) :</subfield>
    <subfield code="d">25 a&#xF1;os de Llull : revista de la Sociedad Espa&#xF1;ola de Historia de las Ciencias y de las T&#xE9;cnicas, 2003</subfield>
  </datafield>
  <datafield tag="650" ind1=" " ind2="7">
    <subfield code="a">Ciencias</subfield>
    <subfield code="2">embne</subfield>
    <subfield code="9">10971</subfield>
  </datafield>
  <datafield tag="650" ind1=" " ind2="7">
    <subfield code="a">Tecnolog&#xED;a</subfield>
    <subfield code="2">embne</subfield>
    <subfield code="9">17398</subfield>
  </datafield>
  <datafield tag="655" ind1=" " ind2="4">
    <subfield code="a">Revistas cient&#xED;ficas</subfield>
    <subfield code="9">226863</subfield>
  </datafield>
  <datafield tag="710" ind1="2" ind2=" ">
    <subfield code="a">Sociedad Espa&#xF1;ola de Historia de las Ciencias</subfield>
    <subfield code="e">edt</subfield>
    <subfield code="9">6729</subfield>
  </datafield>
  <datafield tag="752" ind1=" " ind2=" ">
    <subfield code="a">Espa&#xF1;a -</subfield>
    <subfield code="d">Madrid</subfield>
  </datafield>
  <datafield tag="780" ind1="0" ind2="0">
    <subfield code="a">Bolet&#xED;n de la Sociedad Espa&#xF1;ola de Historia de las Ciencias, </subfield>
    <subfield code="x">ISSN 1131-6055</subfield>
    <subfield code="d">N. 0 (mayo 1977)- </subfield>
  </datafield>
  <datafield tag="852" ind1="4" ind2=" ">
    <subfield code="a">ES-MaACL   </subfield>
  </datafield>
  <datafield tag="856" ind1="4" ind2=" ">
    <subfield code="u">https://recyt.fecyt.es/index.php/LLUL/issue/archive</subfield>
    <subfield code="y">Versi&#xF3;n en l&#xED;nea</subfield>
    <subfield code="z">(Llull)</subfield>
  </datafield>
  <datafield tag="856" ind1="4" ind2=" ">
    <subfield code="u">https://dialnet.unirioja.es/servlet/revista?codigo=1511</subfield>
    <subfield code="y">Versi&#xF3;n en l&#xED;nea</subfield>
    <subfield code="z">(Dialnet)</subfield>
  </datafield>
  <datafield tag="903" ind1=" " ind2=" ">
    <subfield code="9">54320</subfield>
    <subfield code="a">Garc&#xED;a Camarero, Ernesto,</subfield>
    <subfield code="d">1932-2022</subfield>
    <subfield code="e">dnr</subfield>
  </datafield>
  <datafield tag="942" ind1=" " ind2=" ">
    <subfield code="2">udc</subfield>
    <subfield code="c">PERIODICA</subfield>
    <subfield code="n">0</subfield>
  </datafield>
  <datafield tag="999" ind1=" " ind2=" ">
    <subfield code="c">118074</subfield>
    <subfield code="d">118074</subfield>
  </datafield>
</record>
